| 000 | 00520nam a22001577a 4500 | ||
|---|---|---|---|
| 005 | 20251108171107.0 | ||
| 008 | 250721s1981 xx 000 0 ara d | ||
| 082 | 1 | 4 | _a216.25/لجن |
| 245 | 1 | 0 | _aرسالة الحج و العمرة و أداب الزيارة / |
| 264 | 1 |
_aعمان : _bجمعية عمال المطابع التعاونية، _c1981. |
|
| 300 | _a62ص | ||
| 650 | 1 | 7 | _aالعمرة |
| 710 | 2 | _aاللجنة المركزية لرعاية شؤون المساجد | |
| 942 |
_2ddc _cBK |
||
| 999 |
_c56418 _d56418 |
||